По следам невидимок к тайнам Вселенной

Xehetasun bibliografikoak
Egile nagusia: Дубовой Э. И. Эдвард Иосифович
Gaia:Автор книги Дубовой Эдвард Иосифович - доктор физико-математических наук, профессор, написал и выпустил около 200 научных работ и изобретений,11 книг, в том числе в СССР две научно-популярные книги по достижениям в физике элементарных частиц «Таинственный мир элементарных частиц « и «По следам невидимок» .Настоящая книга является третьей по этой теме, отражающей прогресс в смежных исследованиях МИКрО и Макромира в последней четверти века. Книга в научно-популярной форме знакомит с открытиями и достижениями физики элементарных частиц,историей открытий и , подробнее , об экспериментах последних лет на европейском Большом адронном коллайдере для протон- протонных соударений , о судьбе загадочного нейтрино. И не только о проблемах микромира, но и макромира - конечная ли Вселенная в пространстве, вечно существующая или наоборот,только временно, есть ли другие миры? Что за темная материя и темная энергия, составляющие большую часть материи? Почему есть мир, но нет антимира? Куда расширяется Вселенная и с все большей скоростью? Из каких частиц состоял мир в момент рождения? Это-предмет рассмотрения книги . Последние 25 лет в СССР и России на эту тему не было популярных изданий. Для старших школьников ,студентов и широкого круга читателей.
Hizkuntza:errusiera
Argitaratua: Москва, Буки Веди, 2013
Gaiak:
Formatua: Liburua
KOHA link:https://koha.lib.tpu.ru/cgi-bin/koha/opac-detail.pl?biblionumber=246588

MARC

LEADER 00000nam0a2200000 4500
001 246588
005 20231101232224.0
010 |a 9785990483613 
035 |a (RuTPU)RU\TPU\book\268041 
035 |a RU\TPU\book\82734 
090 |a 246588 
100 |a 20131206d2013 km y0rusy50 ca 
101 0 |a rus 
102 |a RU 
105 |a a z 001zy 
200 1 |a По следам невидимок к тайнам Вселенной  |f Э. И. Дубовой 
210 |a Москва  |c Буки Веди  |d 2013 
215 |a 251 с.  |c ил. 
330 |a Автор книги Дубовой Эдвард Иосифович - доктор физико-математических наук, профессор, написал и выпустил около 200 научных работ и изобретений,11 книг, в том числе в СССР две научно-популярные книги по достижениям в физике элементарных частиц «Таинственный мир элементарных частиц « и «По следам невидимок» .Настоящая книга является третьей по этой теме, отражающей прогресс в смежных исследованиях МИКрО и Макромира в последней четверти века. Книга в научно-популярной форме знакомит с открытиями и достижениями физики элементарных частиц,историей открытий и , подробнее , об экспериментах последних лет на европейском Большом адронном коллайдере для протон- протонных соударений , о судьбе загадочного нейтрино. И не только о проблемах микромира, но и макромира - конечная ли Вселенная в пространстве, вечно существующая или наоборот,только временно, есть ли другие миры? Что за темная материя и темная энергия, составляющие большую часть материи? Почему есть мир, но нет антимира? Куда расширяется Вселенная и с все большей скоростью? Из каких частиц состоял мир в момент рождения? Это-предмет рассмотрения книги . Последние 25 лет в СССР и России на эту тему не было популярных изданий. Для старших школьников ,студентов и широкого круга читателей. 
606 1 |a Элементарные частицы  |2 stltpush  |3 (RuTPU)RU\TPU\subj\21082  |9 46124 
610 1 |a физика 
610 1 |a фотоны 
610 1 |a протоны 
610 1 |a нейтрино 
610 1 |a античастицы 
610 1 |a мезоны 
610 1 |a электричество 
610 1 |a физические свойства 
610 1 |a квантовые числа 
610 1 |a лептоны 
610 1 |a фотографирование 
610 1 |a фотоэмульсии 
610 1 |a камера Вильсона 
610 1 |a ускорители 
610 1 |a электромагнитные взаимодействия 
610 1 |a микромир 
610 1 |a распад 
610 1 |a Большой адронный коллайдер 
610 1 |a бозоны 
610 1 |a резонансные состояния 
610 1 |a адроны 
610 1 |a кварки 
610 1 |a гипероны 
610 1 |a Вселенная 
610 1 |a нейтрино 
610 1 |a гравитационные волны 
610 1 |a барионная асимметрия 
675 |a 539.12  |v 3 
700 1 |a Дубовой  |b Э. И.  |g Эдвард Иосифович 
801 1 |a RU  |b 63413507  |c 20050514  |g PSBO 
801 2 |a RU  |b 63413507  |c 20131212  |g PSBO 
942 |c BK